WWF/WWE: Every Triple H Championship Win/Accomplishment - Statistics

General Stats
  • This quiz has been taken 37 times
  • The average score is 24 of 26
Answer Stats
Championship Event Date Defeated % Correct
World Heavyweight Championship WWE New Year's Revolution 2005 09/01/2005 Batista,Chris Benoit, Chris Jericho, Edge, & Randy Orton
100%
WWE Heavyweight Championship WWE No Way Out 2009 15/02/2009 Edge,Jeff Hardy, The Big Show, The Undertaker, & Vladimir Kozlov
100%
World Heavyweight Championship WWE Armageddon 2003 14/12/2003 Goldberg &Kane
100%
WWE Heavyweight Championship WWE Backlash 2008 27/04/2008 John Bradshaw Layfield,John Cena, & Randy Orton
100%
WWE Intercontinental Championship WWE No Mercy 2002 20/10/2002 Kane
100%
WWF World Heavyweight Championship WWF Unforgiven 1999 26/09/1999 Kane,Mankind, The Big Show, The British Bulldog, & The Rock
100%
WWF European Championship WWF Raw 11/12/1997 Shawn Michaels
100%
World Heavyweight Championship WWE Armageddon 2002 15/12/2002 Shawn Michaels
100%
WWF World Tag Team Championship (with "Stone Cold" Steve Austin) WWF Backlash 2001 29/04/2001 The Brothers Of Destruction
100%
World Heavyweight Championship WWE Unforgiven 2004 12/09/2004 Randy Orton
97%
WWE Heavyweight Championship WWE No Mercy 2007 07/10/2007 Randy Orton
97%
WWF Intercontinental Championship WWF SummerSlam 1998 30/08/1998 The Rock
97%
WWF World Heavyweight Championship WWF Judgement Day 2000 21/05/2000 The Rock
97%
WWF Intercontinental Championship WWF SmackDown 03/04/2001 Chris Jericho
94%
WWF Undisputed World Heavyweight Championship WWF WrestleMania X-8 17/03/2002 Chris Jericho
94%
Unified WWE Tag Team / World Tag Team Championship WWE TLC: Tables, Ladders & Chairs 2009 13/12/2009 Jerishow
94%
WWF King Of The Ring Winner WWF King Of The Ring 1997 08/06/1997 Mankind
94%
WWF World Heavyweight Championship WWF Raw is War 23/08/1999 Mankind
94%
WWF Royal Rumble Winner WWF Royal Rumble 2002 20/01/2002 Last Eliminating: Kurt Angle
91%
WWF World Heavyweight Championship WWF Raw is War 03/01/2000 The Big Show
91%
WWF European Championship WWF Raw 16/03/1998 Owen Hart
88%
WWE Road To WrestleMania Tournament Winner WWE Raw 20/02/2006 Rob Van Dam, &The Big Show
84%
WWE Royal Rumble Winner WWE Royal Rumble 2016 24/01/2016 Last Eliminating: Dean Ambrose
78%
WWE World Heavyweight Championship WWE Royal Rumble 2016 24/01/2016 (Royal Rumble Match) Last Eliminating: Dean Ambrose
78%
WWF Intercontinental Championship WWF Raw is War 16/04/2001 Jeff Hardy
78%
WWF Intercontinental Championship WWF Raw 21/10/1996 Marc Mero
66%
No matching quizzes found
Score Distribution
Percent of People with Each Score
Percentile by Number Answered
Your Score History
You have not taken this quiz